| 000 -CABECERA |
| Longitud fija campo de control |
01118nam a22002894i 4500 |
| 001 - NÚMERO DE CONTROL |
| Número de control |
991061123560406706 |
| 003 - IDENTIFICADOR DEL NÚMERO DE CONTROL |
| Identificador del número de control |
OSt |
| 005 - FECHA Y HORA DE LA ÚLTIMA TRANSACCIÓN |
| Fecha y hora de la última transacción |
20240514142847.0 |
| 008 - CÓDIGOS DE INFORMACIÓN DE LONGITUD FIJA |
| Códigos de información de longitud fija |
240430s2024 spca||||||||| 000 0bcat|c |
| 017 ## - NÚMERO DE COPYRIGHT O DE DEPÓSITO LEGAL |
| Número de copyright o de depósito legal |
DL L 184-2024 |
| Agencia que asigna el número |
Biblioteca de Catalunya |
| 020 ## - NÚMERO INTERNACIONAL NORMALIZADO PARA LIBROS |
| Número Internacional Normalizado para Libros (ISBN) |
9788491444855 |
| 040 ## - FUENTE DE LA CATALOGACIÓN |
| Centro catalogador de origen |
ES-LlUDL |
| Lengua de catalogación |
cat |
| Normas de descripción |
rda |
| Centro transcriptor |
CDMR |
| 100 1# - PUNTO DE ACCESO PRINCIPAL-NOMBRE DE PERSONA |
| Nombre de persona |
González Munsó, Leonci, |
| 245 10 - MENCIÓN DE TÍTULO |
| Título |
Amali Prim i Seguí (1878-1937) : |
| Resto del título |
metge, músic i periodista / |
| Mención de responsabilidad, etc. |
Leonci González Munsó |
| 264 #1 - PRODUCCIÓN, PUBLICACIÓN , DISTRIBUCIÓN, FABRICACIÓN Y COPYRIGHT |
| Lugar de producción, publicación, distribución, fabricación |
Lleida : |
| Nombre del productor, editor, distribuidor, fabricante |
Edicions de la Universitat de Lleida ; |
| Lugar de producción, publicación, distribución, fabricación |
Alguaire : |
| Nombre del productor, editor, distribuidor, fabricante |
Patronat Josep Lladonosa, |
| Fecha de de producción, publicación, distribución, fabricación o copyright |
2024 |
| 300 ## - DESCRIPCIÓN FÍSICA |
| Extensión |
197 pàgines : |
| Otras características físicas |
il·lustracions en blanc i negre ; |
| Dimensiones |
21 cm |
| 490 1# - MENCIÓN DE SERIE |
| Mención de serie |
Col·lecció Josep Lladonosa ; |
| Designación de volumen o secuencia |
26 |
| 504 ## - NOTA DE BIBLIOGRAFÍA, ETC |
| Nota de bibliografía, etc. |
Inclou notes i bibliografia |
| 586 ## - NOTA DE PREMIOS |
| Nota de premios |
34è Premi Josep Lladonosa d'Història Local dels Països Catalans, 2023 |
| 600 17 - PUNTO DE ACCESO ADICIONAL DE MATERIA - NOMBRE DE PERSONA |
| Nombre de persona |
Prim i Seguí, Amali, |
| Fechas asociadas al nombre |
1878-1937 |
| Subdivisión de forma (R ) |
Biografia |
| Fuente de encabezamiento o te&ecute,rmino |
lemac |
| 650 #7 - PUNTO DE ACCESO ADICIONAL DE MATERIA - TÉRMINO DE MATERIA |
| Término de materia o nombre geográfico como elemento inicial |
Periodistes |
| Subdivisión geográfica |
Catalunya |
| Subdivisión de forma |
Biografia. |
| Fuente del encabezamiento o término |
lemac |
| 650 #0 - PUNTO DE ACCESO ADICIONAL DE MATERIA - TÉRMINO DE MATERIA |
| Término de materia o nombre geográfico como elemento inicial |
Periodistes catalans |
| Subdivisión de forma |
Biografia |
| 9 (RLIN) |
3139 |
| 830 #0 - PUNTO DE ACCESO ADICIONAL DE SERIE - TÍTULO UNIFORME |
| Título uniforme |
Col·lecció Josep Lladonosa ; |
| Designación de volumen o secuencia |
26 |
| 908 ## - CONTROL DE PARÁMETROS (RLIN) |
| Parametro de comando lanzado |
UdL |
| 940 ## - |
| T&íacute;tulo uniforme |
<a href="UdL">UdL</a> |
| 942 ## - ENTRADA DE ELEMENTOS AGREGADOS (KOHA) |
| Fuente de clasificaión o esquema |
|
| Koha [por defecto] tipo de item |
Monografies |